<?xml version="1.0" encoding="UTF-8"?>
<marc:record xmlns:marc="http://www.loc.gov/MARC21/slim">
   <marc:leader>00000nam a2200000 a 4500</marc:leader>
   <marc:datafield ind1="1" ind2=" " tag="100">
      <marc:subfield code="a">Hula, Saskia</marc:subfield>
      <marc:subfield code="4">aut</marc:subfield>
      <marc:subfield code="e">Verfasser/-in</marc:subfield>
   </marc:datafield>
   <marc:datafield ind1=" " ind2=" " tag="653">
      <marc:subfield code="a">ab 9</marc:subfield>
   </marc:datafield>
   <marc:datafield ind1=" " ind2=" " tag="653">
      <marc:subfield code="a">angeben</marc:subfield>
   </marc:datafield>
   <marc:datafield ind1="0" ind2="0" tag="245">
      <marc:subfield code="a">Attila, König der Angeber</marc:subfield>
   </marc:datafield>
   <marc:datafield ind1=" " ind2="1" tag="264">
      <marc:subfield code="b">Obelisk</marc:subfield>
      <marc:subfield code="c">2011</marc:subfield>
   </marc:datafield>
   <marc:datafield ind1="1" ind2=" " tag="520">
      <marc:subfield code="a">Dies ist die Geschichte von Attila, dem Angeber. Natürlich kommen in der Geschichte noch viele andere Leute vor. Aber keiner von ihnen macht sich schon im ersten Satz wichtig. Keiner von ihnen muss unbedingt auf dem Buchumschlag stehen. Keiner, wirklich keiner drängt sich ständig vor - außer Attila, der Angeber! - Und auch jetzt - merkt ihr es? - reden wir dauernd nur von ihm. so ist das bei Angebern. Er ist ein besonders großer und gewaltiger Angeber! Vielleicht einer der größten Angeber auf der Welt! Wenn nicht der aller größte. Der König der Angeber!</marc:subfield>
   </marc:datafield>
   <marc:datafield ind1=" " ind2=" " tag="020">
      <marc:subfield code="a">9783851976298</marc:subfield>
      <marc:subfield code="9">9783851976298</marc:subfield>
   </marc:datafield>
</marc:record>
